000 00457nam a2200181Ia 4500
005 20250423095347.0
008 250422s9999 xx 000 0 und d
020 _a978-34344-2-X
050 _aHG 4026 .A96/
100 _aOlowe, Ayo
245 0 _aFinancial managament : concepts, financial system and business finance
250 _a2nd ed.
260 _aLagos
260 _bBrierly Jones Nigeria
260 _c2009
300 _a648 p
942 _cBK
999 _c30040
_d30040